000 01332nam a22002537a 4500
005 20110826095931.0
010 _aG-001054
020 _c30.00
_a9788190572613
035 _aG-001054
037 _bईस्टएण्ड पब्लिकेशन्स
_a
082 _a
100 _aटैगोर, रविन्द्रनाथ
_933702
245 _aकाबुली वाला /
_cरवीन्द्रनाथ टैगोर; नीतू झारी द्वारा अनुवादित एवं संपादित
_b
260 _a दिल्ली
_bईस्टएण्ड पब्लिकेशन्स
_c2009
270 _a29/502, ईस्ट एण्ड अपार्टमैंटस, मयूर विहार एक्सटेंशन फेस-1
_bनई दिल्ली
_e110096
_cदिल्ली
_k
300 _a24पृ
_c21 सेमी (अजिल्द)
_bसचित्र
500 _a
650 _a
_933703
650 _a
_933704
700 _aझारी, नीतू
_933649
942 _adpl
_cCH
_2ddc
_mटैगोर
_h
999 _c56001
_d56001